000 00621nam a2200265Ia 4500
008 181129s9999 xx 000 0 und d
020 _a9780545389730
050 _bB618 2010
100 _aBirdseye, Tom
245 0 _aStorm mountain /
245 0 _cby Tom Birdseye.
260 _aNew York, NY :
260 _bScholastic,
260 _c2010
300 _a135 pages :
300 _billustrations ;
300 _c19cm.
650 _aBlizzards.
650 _aCousins.
650 _aMountaineering.
650 _aNorth America --
650 _aSurvival.
650 _xCascade range.
700 _aTitle.
999 _c360264
_d360264